000
00267nam a2200121Ia 4500
008
190216s9999||||xx |||||||||||||| ||und||
100
_a
Rajam. Jb
245
0
_a
Atomic Physics
260
_b
S Chand & Co
_c
1980
300
_a
1276p
650
_a
Chemistry
942
_c
BK
999
_c
32976
_d
32976